| 000 -LEADER |
| fixed length control field |
01893nam a2200145 4500 |
| 008 - FIXED-LENGTH DATA ELEMENTS--GENERAL INFORMATION |
| fixed length control field |
191205b ||||| |||| 00| 0 eng d |
| 100 ## - MAIN ENTRY--PERSONAL NAME |
| Personal name |
Gottis, Philipp et al |
| 245 ## - TITLE STATEMENT |
| Title |
The role of social structure for governing natural resources in decentralized political systems: Insights from governing a fishery in Indonesia |
| 260 ## - PUBLICATION, DISTRIBUTION, ETC. (IMPRINT) |
| Name of publisher, distributor, etc |
Public Administration |
| 300 ## - PHYSICAL DESCRIPTION |
| Extent |
97(3), 2019: p.654-670. |
| 520 ## - SUMMARY, ETC. |
| Summary, etc |
This empirical research investigates whether distinct network configurations between actors facilitate or impede successful local natural resource governance in decentralized political systems. Network analysis is applied to disentangle the interaction between actors involved in a decentralized fishery governance system in Indonesia from a polycentric perspective. Using an embedded network case study design, the study examines whether common interaction patterns are observed in local study sites with more successful governance outcomes compared to study sites with less successful outcomes. Three common patterns are identified: (i) higher frequency of interaction of local actors, and (ii) stronger activity of local non‐governmental actors in the polycentric governance network are found in the sites with more successful outcomes. Furthermore, the results show (iii) a higher centralization of the local governance networks with rent‐seeking actors in strong brokerage positions where highly unsustainable resource use prevails. This points to the existence of a ‘dark side’ of brokerage. - Reproduced. |
| 773 ## - HOST ITEM ENTRY |
| Main entry heading |
Public Administration |
| 906 ## - LOCAL DATA ELEMENT F, LDF (RLIN) |
| Subject DIP |
Natural resources |
| 942 ## - ADDED ENTRY ELEMENTS (KOHA) |
| Source of classification or shelving scheme |
|
| Item type |
Articles |